| 000 | 00417nam a2200157Ia 4500 | ||
|---|---|---|---|
| 008 | 210210b1991 xxu||||| |||| 00| 0 eng d | ||
| 020 | _a81 7018 701 X | ||
| 082 | _a324.954 BHAE | ||
| 100 | _aBHAMBHRI (C P). | ||
| 245 | _aElections 1991: an analysis. | ||
| 260 |
_aDelhi _bB R Publishing Corporation _c1991 |
||
| 300 | _axi,258 | ||
| 650 | _aIndian elections 1991 | ||
| 690 | _aPolitical Process | ||
| 906 | _a045335 | ||
| 999 |
_c94554 _d94554 |
||